000 01599nam2a2200313 i 4500
001 RU\NLR\bibl\2014768
005 20260406052811.0
021 _aRU
_b2013-16009
_91140
035 _a(NLR Aleph) 002003194
090 _a4388489
_c4388489
100 _a20130321d2012 u y0rusy50 ca
101 0 _arus
102 _aRU
105 _aa |||||||||
200 1 _aМодельный подход к обучению и усвоению знаний по физике
_fЕ.А. Шимко, А.Н. Крутский
210 _d2012
215 _a77 с.
_cил.
320 _aБиблиогр.: с. 73-74 (14 назв.)
461 1 _1001RU\NLR\bibl\1938418
_12001#$aПсиходидактика$vЧ. 14
_0RU\NLR\bibl\1938418
_93392711
_aГибельгауз, О. С.
_cБарнаул
_d2012
_fО.С. Гибельгауз, А.Н. Крутский
_nАлтайская государственная педагогическая академия
_o[учебно-методическое пособие]
_tПсиходидактика
_vЧ. 14
606 _aФизика
_jУчебно-методические пособия
_xМодульное обучение
_xСредняя школа
_92155943
_3RU\NLR\AUTH\661602603
686 1 _aЧ426.51-25я7
701 1 _aШимко
_bЕ. А.
_gЕлена Анатольевна
_4070
701 1 _4070
_8rus
_7ca
_aКрутский
_bА. Н.
_gАлександр Николаевич
_3RU\NLR\auth\777680
_9117612
801 0 _aRU
_bNLR
_c20130321
_gRCR
801 1 _aRU
_bNLR
_c20130321
942 _cBOOK
980 _aNBR